[Event "II Magistral Blitz Quart"]
[Site "Quart de Poblet, Spain"]
[Date "2019.08.08"]
[Round "2.1"]
[White "Kovacevic, Slobodan"]
[Black "Galvan, Jesus"]
[Result "1-0"]
[WhiteElo "2395"]
[BlackElo "2200"]
[PlyCount "125"]
[EventDate "2019.??.??"]

1. d4 {[%clk 00:07:05]} 1... d6 {[%clk 00:07:06]} 2. Nf3 {
[%clk 00:07:06]  [%emt 00:00:06]} 2... g6 {[%clk 00:07:07]  [%emt 00:00:04]} 3.
c3 {[%clk 00:07:07]} 3... Bg7 {[%clk 00:07:08]  [%emt 00:00:04]} 4. e4 {
[%clk 00:07:10]} 4... Nc6 {[%clk 00:06:53]  [%emt 00:00:15]} 5. Bb5 {
[%clk 00:07:06]  [%emt 00:00:07]} 5... Bd7 {[%clk 00:06:52]  [%emt 00:00:07]}
6. O-O e5 {[%emt 00:00:05]} 7. Bg5 {[%clk 00:06:58]  [%emt 00:00:06]} 7... Nge7
{[%clk 00:06:47]  [%emt 00:00:12]} 8. Re1 {[%clk 00:06:50]  [%emt 00:00:13]}
8... h6 {[%clk 00:06:46]} 9. Bh4 {[%clk 00:06:51]  [%emt 00:00:08]} 9... g5 {
[%clk 00:06:21]  [%emt 00:00:25]} 10. Bg3 {[%clk 00:06:53]} 10... Ng6 {
[%clk 00:06:21]  [%emt 00:00:09]} 11. h3 {[%clk 00:06:35]  [%emt 00:00:16]}
11... a6 {[%clk 00:05:41]  [%emt 00:00:41]} 12. Be2 {
[%clk 00:06:23]  [%emt 00:00:14]} 12... Nf4 {[%clk 00:05:34]  [%emt 00:00:11]}
13. Bf1 {[%clk 00:06:18]  [%emt 00:00:06]} 13... Qf6 {
[%clk 00:05:18]  [%emt 00:00:20]} 14. dxe5 {[%clk 00:06:18]  [%emt 00:00:06]}
14... dxe5 {[%clk 00:05:19]} 15. Nfd2 {[%clk 00:06:11]  [%emt 00:00:09]} 15...
O-O-O {[%clk 00:05:01]  [%emt 00:00:21]} 16. Qc2 {[%clk 00:06:13]} 16... h5 {
[%clk 00:05:02]  [%emt 00:00:11]} 17. Be2 {[%clk 00:05:39]  [%emt 00:01:10]}
17... Nxe2+ {[%clk 00:04:35]} 18. Rxe2 h4 {[%clk 00:04:38]} 19. Bh2 {
[%clk 00:05:42]} 19... g4 {[%clk 00:04:41]} 20. hxg4 {
[%clk 00:05:35]  [%emt 00:00:10]} 20... Bxg4 {[%clk 00:04:43]} 21. Re1 {
[%clk 00:05:23]  [%emt 00:00:08]} 21... h3 {[%clk 00:04:25]  [%emt 00:00:20]}
22. g3 {[%clk 00:05:00]  [%emt 00:00:27]} 22... Bf3 {
[%clk 00:04:18]  [%emt 00:00:10]} 23. Nc4 {[%clk 00:04:44]  [%emt 00:00:18]}
23... Bg2 {[%clk 00:04:19]  [%emt 00:00:05]} 24. Qe2 {
[%clk 00:04:35]  [%emt 00:00:09]} 24... Bf3 {[%clk 00:04:14]  [%emt 00:00:08]}
25. Qc2 {[%clk 00:04:32]  [%emt 00:00:06]} 25... Bh6 {
[%clk 00:04:16]  [%emt 00:00:06]} 26. Nbd2 {[%clk 00:04:30]  [%emt 00:00:09]}
26... Bg2 {[%clk 00:03:24]  [%emt 00:00:47]} 27. Ne3 {
[%clk 00:04:14]  [%emt 00:00:22]} 27... Bxe3 {[%clk 00:03:26]} 28. Rxe3 {
[%clk 00:04:16]} 28... Ne7 {[%clk 00:03:18]  [%emt 00:00:13]} 29. Rd3 {
[%clk 00:03:54]  [%emt 00:00:21]} 29... Ng6 {[%clk 00:03:18]  [%emt 00:00:06]}
30. Rxd8+ {[%clk 00:03:51]  [%emt 00:00:07]} 30... Rxd8 {[%clk 00:03:19]} 31.
Re1 {[%clk 00:03:43]  [%emt 00:00:10]} 31... Rg8 {
[%clk 00:02:03]  [%emt 00:01:18]} 32. Qd3 {[%clk 00:03:28]  [%emt 00:00:19]}
32... Nf4 {[%clk 00:01:49]  [%emt 00:00:16]} 33. Qe3 {
[%clk 00:03:22]  [%emt 00:00:10]} 33... Rd8 {[%clk 00:01:34]  [%emt 00:00:17]}
34. gxf4 {[%clk 00:03:20]  [%emt 00:00:11]} 34... Rg8 {[%clk 00:01:36]} 35.
fxe5 {[%clk 00:03:02]  [%emt 00:00:16]} 35... Bf3+ {[%emt 00:01:15]} 36. Kf1 {
[%clk 00:02:51]  [%emt 00:00:14]} 36... Bg2+ {[%clk 00:00:21]  [%emt 00:00:12]}
37. Ke2 {[%clk 00:02:51]} 37... Qe6 {[%clk 00:00:20]  [%emt 00:00:04]} 38. b3 {
[%clk 00:02:33]  [%emt 00:00:23]} 38... Rd8 {[%clk 00:00:07]  [%emt 00:00:12]}
39. Qf4 {[%clk 00:02:31]  [%emt 00:00:09]} 39... Qd7 {
[%clk 00:00:04]  [%emt 00:00:08]} 40. Qf5 {[%clk 00:02:31]} 40... Kb8 {
[%clk 00:00:05]  [%emt 00:00:09]} 41. Qxd7 {[%clk 00:02:32]} 41... Rxd7 {
[%clk 00:00:07]} 42. f3 {[%clk 00:02:31]} 42... b5 {
[%clk 00:00:08]  [%emt 00:00:04]} 43. Nf1 {[%clk 00:02:29]  [%emt 00:00:04]}
43... Kb7 {[%clk 00:00:09]} 44. Ne3 {[%clk 00:02:31]} 44... c5 {
[%clk 00:00:09]  [%emt 00:00:08]} 45. Nxg2 hxg2 {[%clk 00:00:10]} 46. Rg1 {
[%clk 00:02:33]  [%emt 00:00:04]} 46... b4 {[%clk 00:00:12]} 47. cxb4 {
[%clk 00:02:33]} 47... cxb4 {[%clk 00:00:14]} 48. Rxg2 {[%clk 00:02:35]} 48...
Rc7 {[%clk 00:00:17]} 49. Kd2 {[%clk 00:02:36]} 49... Rd7+ {
[%clk 00:00:19]  [%emt 00:00:06]} 50. Kc2 {[%clk 00:02:38]} 50... Rc7+ {
[%clk 00:00:21]} 51. Kb2 {[%clk 00:02:41]} 51... Rc3 {[%clk 00:00:23]} 52. Rf2
{[%clk 00:02:40]  [%emt 00:00:05]} 52... Re3 {[%clk 00:00:25]} 53. Bf4 {
[%clk 00:02:42]} 53... Re1 {[%clk 00:00:27]  [%emt 00:00:04]} 54. Bd2 {
[%clk 00:02:44]} 54... Rd1 {[%clk 00:00:28]  [%emt 00:00:04]} 55. Bxb4 {
[%clk 00:02:46]} 55... Kc6 {[%clk 00:00:29]  [%emt 00:00:04]} 56. Rc2+ {
[%clk 00:02:46]} 56... Kb5 {[%clk 00:00:29]} 57. Bc5 {
[%clk 00:02:45]  [%emt 00:00:08]} 57... Rf1 {[%clk 00:00:29]  [%emt 00:00:05]}
58. a4+ {[%clk 00:02:44]} 58... Kc6 {[%clk 00:00:26]  [%emt 00:00:05]} 59. Bd6+
{[%clk 00:02:40]  [%emt 00:00:10]} 59... Kb6 60. Rc3 {
[%clk 00:02:41]  [%emt 00:00:05]} 60... Rf2+ {[%clk 00:00:15]  [%emt 00:00:09]}
61. Ka3 {[%clk 00:02:43]} 61... a5 {[%clk 00:00:16]  [%emt 00:00:07]} 62. Bc5+
{[%clk 00:02:45]  [%emt 00:00:04]} 62... Ka6 {[%clk 00:00:18]} 63. Bxf2 {
[%clk 00:02:46]} 1-0

[Event "II Magistral Blitz Quart"]
[Site "Quart de Poblet, Spain"]
[Date "2019.08.08"]
[Round "2.2"]
[White "Ordonez Carrasco, Jorge"]
[Black "Galvan Cipriani, Viviana"]
[Result "0-1"]
[WhiteElo "1559"]
[BlackElo "2015"]
[PlyCount "102"]
[EventDate "2019.??.??"]

1. e4 {[%clk 00:07:04]  [%emt 00:00:28]} 1... c5 {[%clk 00:07:05]} 2. Nf3 {
[%clk 00:07:05]} 2... Nc6 {[%clk 00:07:06]  [%emt 00:00:04]} 3. d4 {
[%clk 00:07:06]} 3... cxd4 {[%clk 00:07:08]} 4. Nxd4 {[%clk 00:07:07]} 4... Nf6
{[%clk 00:06:57]} 5. Nc3 {[%clk 00:07:08]  [%emt 00:00:10]} 5... e5 {
[%clk 00:06:59]} 6. Ndb5 {[%clk 00:07:09]} 6... d6 {[%clk 00:07:00]} 7. Bg5 {
[%clk 00:07:05]  [%emt 00:00:13]} 7... a6 {[%clk 00:07:01]} 8. Na3 {
[%clk 00:07:06]} 8... Be6 {[%clk 00:06:29]  [%emt 00:00:25]} 9. Bxf6 {
[%clk 00:06:45]  [%emt 00:00:28]} 9... Qxf6 {[%clk 00:06:22]  [%emt 00:00:06]}
10. g3 {[%clk 00:06:32]  [%emt 00:00:14]} 10... b5 {
[%clk 00:06:17]  [%emt 00:00:25]} 11. Nd5 {[%clk 00:06:27]} 11... Qd8 {
[%clk 00:06:10]  [%emt 00:00:04]} 12. Bg2 {[%clk 00:06:13]  [%emt 00:00:18]}
12... Be7 {[%clk 00:05:52]  [%emt 00:00:19]} 13. O-O {
[%clk 00:06:01]  [%emt 00:00:18]} 13... O-O {[%clk 00:05:51]  [%emt 00:00:12]}
14. c3 {[%clk 00:05:35]  [%emt 00:00:17]} 14... Rc8 {
[%clk 00:05:48]  [%emt 00:00:08]} 15. Nc2 {[%clk 00:05:30]  [%emt 00:00:11]}
15... Bg5 {[%clk 00:05:20]  [%emt 00:00:26]} 16. f4 {
[%clk 00:05:04]  [%emt 00:00:33]} 16... exf4 {[%clk 00:05:03]  [%emt 00:00:26]}
17. gxf4 {[%clk 00:05:05]} 17... Bh6 {[%clk 00:05:03]  [%emt 00:00:04]} 18. Nd4
{[%clk 00:04:34]  [%emt 00:00:23]} 18... Bxd5 {[%clk 00:04:53]  [%emt 00:00:22]
} 19. exd5 {[%clk 00:04:36]} 19... Nxd4 {[%clk 00:04:53]} 20. Qxd4 {
[%clk 00:04:36]} 20... Rc4 {[%clk 00:04:54]  [%emt 00:00:39]} 21. Qd3 {
[%clk 00:03:50]  [%emt 00:00:10]} 21... Bxf4 {[%clk 00:04:03]  [%emt 00:00:55]}
22. b3 {[%clk 00:03:19]  [%emt 00:00:35]} 22... Qh4 {
[%clk 00:03:35]  [%emt 00:00:33]} 23. Qh3 {[%clk 00:02:56]  [%emt 00:00:24]}
23... Qxh3 {[%clk 00:03:00]  [%emt 00:00:43]} 24. Bxh3 {
[%clk 00:02:58]  [%emt 00:00:03]} 24... Rxc3 {[%clk 00:03:01]} 25. Rxf4 {
[%clk 00:02:27]  [%emt 00:00:28]} 25... Rxh3 {[%clk 00:03:01]  [%emt 00:00:24]}
26. Raf1 {[%clk 00:01:51]  [%emt 00:00:17]} 26... Rd3 {
[%clk 00:02:56]  [%emt 00:00:38]} 27. Rf5 {[%clk 00:01:47]  [%emt 00:00:03]}
27... g6 {[%clk 00:02:30]  [%emt 00:00:06]} 28. Rf6 {
[%clk 00:01:49]  [%emt 00:00:03]} 28... Rxd5 {[%clk 00:02:31]} 29. R1f2 {
[%clk 00:01:40]  [%emt 00:00:11]} 29... b4 {[%clk 00:02:26]  [%emt 00:00:10]}
30. Kg2 {[%clk 00:01:31]  [%emt 00:00:09]} 30... a5 {
[%clk 00:02:25]  [%emt 00:00:11]} 31. Kg3 {[%clk 00:01:13]  [%emt 00:00:14]}
31... Kg7 {[%clk 00:02:24]  [%emt 00:00:15]} 32. Kg2 {
[%clk 00:00:53]  [%emt 00:00:36]} 32... Rg5+ {[%clk 00:00:52]  [%emt 00:01:14]}
33. Kf1 {[%clk 00:00:49]  [%emt 00:00:07]} 33... d5 {
[%clk 00:00:28]  [%emt 00:00:24]} 34. Ke2 {[%clk 00:00:41]  [%emt 00:00:17]}
34... Re5+ {[%clk 00:00:08]  [%emt 00:00:16]} 35. Kd3 {
[%clk 00:00:29]  [%emt 00:00:15]} 35... Re6 {[%clk 00:00:07]  [%emt 00:00:09]}
36. R6f4 {[%clk 00:00:23]  [%emt 00:00:05]} 36... f5 {
[%clk 00:00:06]  [%emt 00:00:20]} 37. Kd4 {[%clk 00:00:14]  [%emt 00:00:11]}
37... Rd8 {[%clk 00:00:06]} 38. Rc2 {[%clk 00:00:10]} 38... Re4+ {
[%clk 00:00:07]} 39. Rxe4 {[%clk 00:00:11]} 39... dxe4+ {
[%clk 00:00:08]  [%emt 00:00:24]} 40. Ke3 {[%clk 00:00:13]} 40... Rd5 {
[%clk 00:00:09]} 41. h4 {[%clk 00:00:10]} 41... Kh6 {[%clk 00:00:08]} 42. Kf4 {
[%clk 00:00:06]} 42... Rb5 {[%clk 00:00:05]  [%emt 00:00:06]} 43. h5 {
[%clk 00:00:04]  [%emt 00:00:11]} 43... g5+ {[%clk 00:00:04]} 44. Ke3 {
[%clk 00:00:05]} 44... Kxh5 {[%clk 00:00:05]  [%emt 00:00:06]} 45. Rh2+ {
[%clk 00:00:07]} 45... Kg6 {[%clk 00:00:07]} 46. Rc2 {[%clk 00:00:06]} 46... h6
{[%clk 00:00:09]  [%emt 00:00:03]} 47. Rc6+ {[%clk 00:00:08]} 47... Kh5 {
[%clk 00:00:11]  [%emt 00:00:11]} 48. Ra6 {[%clk 00:00:09]} 48... Rd5 {
[%clk 00:00:10]} 49. Ke2 {[%clk 00:00:05]  [%emt 00:00:04]} 49... f4 {
[%clk 00:00:12]} 50. Re6 {[%clk 00:00:06]  [%emt 00:00:07]} 50... e3 {
[%clk 00:00:13]} 51. Kf3 {[%clk 00:00:06]} 51... Rd2 {
[%clk 00:00:13]  [%emt 00:00:10]  Bandera} 0-1

[Event "II Magistral Blitz Quart"]
[Site "Quart de Poblet, Spain"]
[Date "2019.08.08"]
[Round "2.3"]
[White "Redondo Flores, David"]
[Black "Sanchez Saez, Francisco"]
[Result "0-1"]
[WhiteElo "2009"]
[BlackElo "2186"]
[PlyCount "54"]
[EventDate "2019.??.??"]

1. e4 {[%clk 00:07:03]} 1... c5 {[%clk 00:07:03]} 2. Nf3 {
[%clk 00:07:04]  [%emt 00:00:03]} 2... d6 {[%clk 00:07:05]} 3. d4 {
[%clk 00:07:05]} 3... cxd4 {[%clk 00:07:06]} 4. Nxd4 {
[%clk 00:07:07]  [%emt 00:00:17]} 4... Nf6 {[%clk 00:07:08]} 5. Nc3 {
[%clk 00:07:08]  [%emt 00:00:04]} 5... Nc6 {[%clk 00:07:09]} 6. Bg5 {
[%clk 00:06:57]} 6... g6 {[%clk 00:07:01]  [%emt 00:00:11]} 7. Qd2 {
[%clk 00:06:40]  [%emt 00:00:17]} 7... Bg7 {[%clk 00:07:01]  [%emt 00:00:36]}
8. Nb3 {[%clk 00:06:39]} 8... O-O {[%clk 00:06:33]  [%emt 00:00:05]} 9. f3 {
[%clk 00:06:07]  [%emt 00:00:54]} 9... Be6 {[%clk 00:05:16]  [%emt 00:01:00]}
10. Bh6 {[%clk 00:06:00]  [%emt 00:00:14]} 10... Bxh6 {
[%clk 00:04:21]  [%emt 00:00:51]} 11. Qxh6 {[%clk 00:05:59]  [%emt 00:00:42]}
11... Nb4 {[%clk 00:04:23]} 12. O-O-O {[%clk 00:05:51]} 12... a5 {
[%clk 00:04:23]  [%emt 00:00:07]} 13. a4 {[%clk 00:05:38]} 13... Rc8 {
[%clk 00:03:20]  [%emt 00:00:52]} 14. Kb1 {[%clk 00:05:27]  [%emt 00:00:15]}
14... Qb6 {[%clk 00:03:09]  [%emt 00:00:38]} 15. Bb5 {
[%clk 00:04:58]  [%emt 00:00:07]} 15... Bxb3 {[%clk 00:02:45]  [%emt 00:00:26]}
16. cxb3 {[%clk 00:04:59]  [%emt 00:00:18]} 16... Rc5 {[%clk 00:02:46]} 17. h4
{[%clk 00:04:34]  [%emt 00:00:17]} 17... Rfc8 {[%clk 00:02:45]  [%emt 00:00:07]
} 18. Rc1 {[%clk 00:04:33]  [%emt 00:00:08]} 18... Rh5 {
[%clk 00:01:33]  [%emt 00:01:06]} 19. Qd2 {[%clk 00:04:19]  [%emt 00:00:20]}
19... Rhc5 {[%clk 00:01:28]  [%emt 00:00:09]} 20. Qh6 {
[%clk 00:04:15]  [%emt 00:00:19]} 20... Rh5 {[%clk 00:01:26]} 21. Qd2 {
[%clk 00:04:16]} 21... Rhc5 {[%clk 00:01:21]} 22. h5 {
[%clk 00:03:07]  [%emt 00:01:12]} 22... Rxh5 {[%clk 00:01:18]  [%emt 00:00:33]}
23. Rxh5 {[%clk 00:03:05]  [%emt 00:00:04]} 23... Nxh5 {[%clk 00:01:19]} 24. g4
{[%clk 00:03:07]} 24... Nf6 {[%clk 00:01:17]} 25. Rh1 {[%clk 00:03:07]} 25...
Qc5 {[%clk 00:01:07]  [%emt 00:00:04]} 26. Bc4 {
[%clk 00:01:30]  [%emt 00:01:34]} 26... e6 {[%clk 00:01:08]  [%emt 00:00:10]}
27. Qxd6 {[%clk 00:01:25]  [%emt 00:00:03]} 27... Qxd6 {[%emt 00:00:04]} 0-1

[Event "II Magistral Blitz Quart"]
[Site "Quart de Poblet, Spain"]
[Date "2019.08.08"]
[Round "2.4"]
[White "Hassomal Daswani, Birjkumar"]
[Black "Movsisyan, Tigran"]
[Result "1-0"]
[WhiteElo "1971"]
[BlackElo "1310"]
[PlyCount "62"]
[EventDate "2019.??.??"]

1. e4 {[%clk 00:07:05]  [%emt 00:00:04]} 1... c5 {[%clk 00:07:06]} 2. Nc3 {
[%clk 00:07:04]  [%emt 00:00:03]} 2... d6 {[%clk 00:07:06]  [%emt 00:00:04]} 3.
f4 {[%clk 00:07:06]} 3... g6 {[%clk 00:06:56]  [%emt 00:00:18]} 4. Nf3 {
[%clk 00:07:07]} 4... Bg7 {[%clk 00:06:58]} 5. a4 {
[%clk 00:07:01]  [%emt 00:00:12]} 5... Nf6 {[%clk 00:06:44]  [%emt 00:00:09]}
6. Bb5+ {[%clk 00:07:03]  [%emt 00:00:06]} 6... Bd7 {
[%clk 00:06:38]  [%emt 00:00:08]} 7. d3 {[%clk 00:07:02]  [%emt 00:00:39]} 7...
a6 8. Bc4 {[%emt 00:00:09]} 8... Nc6 {[%emt 00:00:05]} 9. O-O {[%clk 00:06:55]}
9... Rb8 {[%clk 00:05:56]  [%emt 00:00:15]} 10. Kh1 {[%emt 00:00:24]} 10... O-O
{[%clk 00:05:34]  [%emt 00:00:04]} 11. Qe1 {[%emt 00:00:39]} 11... Na5 12. Ba2
{[%clk 00:06:43]} 12... b5 {[%clk 00:05:10]  [%emt 00:00:09]} 13. axb5 axb5 14.
e5 {[%clk 00:06:09]} 14... Ne8 {[%clk 00:04:23]  [%emt 00:00:43]} 15. Ne4 {
[%clk 00:06:03]  [%emt 00:00:23]} 15... Nc6 {[%clk 00:04:02]  [%emt 00:00:09]}
16. exd6 {[%clk 00:05:50]  [%emt 00:00:19]} 16... exd6 {
[%clk 00:03:49]  [%emt 00:00:12]} 17. c3 {[%clk 00:05:52]  [%emt 00:00:13]}
17... b4 {[%clk 00:03:44]} 18. Bd2 {[%clk 00:05:45]  [%emt 00:00:08]} 18... Bf5
{[%clk 00:03:08]  [%emt 00:00:38]} 19. Nf2 {[%clk 00:04:47]  [%emt 00:01:01]}
19... Nf6 {[%clk 00:02:58]  [%emt 00:00:14]} 20. Qd1 {
[%clk 00:04:10]  [%emt 00:00:40]} 20... Re8 {[%clk 00:01:52]  [%emt 00:01:09]}
21. Ng5 {[%clk 00:04:10]  [%emt 00:00:29]} 21... Re7 {
[%clk 00:01:25]  [%emt 00:00:07]} 22. Re1 {[%clk 00:04:07]  [%emt 00:00:13]}
22... d5 {[%clk 00:00:59]  [%emt 00:00:21]} 23. Rxe7 {
[%clk 00:03:28]  [%emt 00:00:38]} 23... Qxe7 {[%clk 00:00:57]  [%emt 00:00:35]}
24. Qf3 {[%clk 00:03:00]  [%emt 00:00:08]} 24... b3 {
[%clk 00:00:51]  [%emt 00:00:06]} 25. Bb1 {[%clk 00:02:57]  [%emt 00:00:15]}
25... h6 {[%clk 00:00:43]  [%emt 00:00:04]} 26. Ngh3 {[%clk 00:02:58]} 26...
Re8 {[%clk 00:00:11]  [%emt 00:00:32]} 27. Ng1 {
[%clk 00:02:59]  [%emt 00:00:10]} 27... Qd7 {[%clk 00:00:07]  [%emt 00:00:04]}
28. h3 {[%clk 00:02:49]  [%emt 00:00:08]} 28... d4 {
[%clk 00:00:04]  [%emt 00:00:31]} 29. c4 {[%clk 00:02:47]  [%emt 00:00:06]}
29... Qc7 {[%clk 00:00:04]} 30. Ra3 {[%clk 00:02:13]  [%emt 00:00:40]} 30...
Na5 {[%clk 00:00:05]} 31. Bxa5 {[%clk 00:02:06]} 31... Qe7 {Bandera} 1-0

[Event "II Magistral Blitz Quart"]
[Site "Quart de Poblet, Spain"]
[Date "2019.08.08"]
[Round "2.5"]
[White "Lara Lopez, Jose"]
[Black "Chernikov, Vladimir"]
[Result "0-1"]
[WhiteElo "2271"]
[BlackElo "2052"]
[PlyCount "78"]
[EventDate "2019.??.??"]

1. e4 {[%clk 00:07:05]} 1... g6 {[%clk 00:07:06]  [%emt 00:00:03]} 2. d4 {
[%clk 00:07:02]  [%emt 00:00:04]} 2... Bg7 {[%clk 00:07:08]} 3. Nc3 {
[%clk 00:07:03]  [%emt 00:00:03]} 3... d6 {[%clk 00:07:10]} 4. Be3 {
[%clk 00:07:04]  [%emt 00:00:03]} 4... a6 {[%clk 00:07:03]  [%emt 00:00:30]} 5.
Qd2 {[%clk 00:06:55]  [%emt 00:00:04]} 5... b5 {[%clk 00:07:04]} 6. f3 {
[%clk 00:06:54]} 6... Nd7 {[%clk 00:07:05]} 7. h4 {
[%clk 00:06:55]  [%emt 00:00:06]} 7... h5 {[%clk 00:07:02]} 8. Nh3 {
[%clk 00:06:57]} 8... e6 {[%clk 00:06:14]  [%emt 00:01:09]} 9. Ng5 {
[%clk 00:06:52]} 9... Ne7 {[%clk 00:06:04]  [%emt 00:00:07]} 10. a4 {
[%clk 00:06:21]  [%emt 00:00:27]} 10... b4 {[%clk 00:05:41]  [%emt 00:00:35]}
11. Ne2 {[%clk 00:06:20]} 11... Rb8 {[%clk 00:05:30]  [%emt 00:00:09]} 12. Nf4
{[%clk 00:06:09]  [%emt 00:00:14]} 12... Nf8 {[%clk 00:04:54]  [%emt 00:00:41]}
13. Bd3 {[%clk 00:03:09]  [%emt 00:03:01]} 13... c5 {
[%clk 00:04:49]  [%emt 00:00:37]} 14. c3 {[%clk 00:02:43]  [%emt 00:00:03]}
14... Nc6 {[%clk 00:04:25]  [%emt 00:00:24]} 15. d5 {
[%clk 00:01:46]  [%emt 00:01:24]} 15... bxc3 {[%clk 00:04:26]  [%emt 00:00:12]}
16. bxc3 {[%clk 00:01:44]} 16... Qa5 {[%clk 00:04:28]} 17. Ne2 {[%clk 00:01:22]
} 17... exd5 {[%clk 00:04:25]  [%emt 00:00:19]} 18. exd5 {[%clk 00:01:24]}
18... Ne5 {[%clk 00:04:27]} 19. O-O {[%clk 00:01:19]} 19... Nxd3 {
[%clk 00:04:17]  [%emt 00:00:08]} 20. Qxd3 {[%clk 00:01:21]  [%emt 00:00:25]}
20... Bf5 {[%clk 00:04:19]} 21. Ne4 {[%clk 00:01:07]  [%emt 00:00:04]} 21...
Qc7 {[%clk 00:03:37]  [%emt 00:00:35]} 22. Qxa6 {
[%clk 00:01:04]  [%emt 00:00:34]} 22... Bxe4 {[%clk 00:03:29]} 23. fxe4 {
[%clk 00:01:06]} 23... Nd7 {[%clk 00:03:30]} 24. Bf4 {
[%clk 00:00:35]  [%emt 00:00:19]} 24... Rb6 {[%clk 00:02:18]  [%emt 00:01:32]}
25. Qc4 {[%clk 00:00:20]  [%emt 00:00:09]} 25... O-O {
[%clk 00:01:59]  [%emt 00:00:15]} 26. Rfb1 {[%clk 00:00:15]  [%emt 00:00:11]}
26... Rfb8 {[%clk 00:01:55]  [%emt 00:00:07]} 27. Rxb6 {
[%clk 00:00:16]  [%emt 00:00:04]} 27... Nxb6 {[%clk 00:01:52]  [%emt 00:00:04]}
28. Qd3 {[%clk 00:00:09]  [%emt 00:00:10]} 28... Qe7 {
[%clk 00:01:52]  [%emt 00:00:03]} 29. Rb1 {[%clk 00:00:09]  [%emt 00:00:04]}
29... Qa7 {[%clk 00:01:40]  [%emt 00:00:13]} 30. Qc2 {
[%clk 00:00:06]  [%emt 00:00:07]} 30... Rd8 {[%clk 00:01:21]  [%emt 00:00:19]}
31. Ra1 {[%clk 00:00:04]  [%emt 00:00:07]} 31... Nc4 {
[%clk 00:00:53]  [%emt 00:00:29]} 32. Qb3 {[%clk 00:00:06]  [%emt 00:00:30]}
32... Na5 {[%clk 00:00:45]  [%emt 00:00:03]} 33. Qc2 {[%clk 00:00:06]} 33...
c4+ {[%clk 00:00:46]} 34. Kf1 {[%clk 00:00:04]} 34... Nb3 {[%clk 00:00:46]} 35.
Ra2 {[%clk 00:00:04]  [%emt 00:00:04]} 35... Qe7 {[%clk 00:00:43]} 36. Ng3 {
[%clk 00:00:04]  [%emt 00:00:07]} 36... Qxh4 {[%clk 00:00:44]} 37. Qf2 {
[%clk 00:00:04]  [%emt 00:00:03]} 37... Bxc3 {[%clk 00:00:39]  [%emt 00:00:08]}
38. Be3 {[%emt 00:00:11]} 38... Be5 39. Ne2 Qxe4 {[%emt 00:00:04]} 0-1

[Event "II Magistral Blitz Quart"]
[Site "Quart de Poblet, Spain"]
[Date "2019.08.08"]
[Round "3.1"]
[White "Chernikov, Vladimir"]
[Black "Kovacevic, Slobodan"]
[Result "0-1"]
[WhiteElo "2052"]
[BlackElo "2395"]
[PlyCount "66"]
[EventDate "2019.??.??"]

1. c4 {[%clk 00:07:03]  [%emt 00:00:05]} 1... c5 {
[%clk 00:06:57]  [%emt 00:00:15]} 2. g3 {[%clk 00:06:59]} 2... Nf6 {
[%clk 00:06:57]  [%emt 00:00:05]} 3. Bg2 {[%clk 00:07:00]} 3... e6 {
[%clk 00:06:59]  [%emt 00:00:09]} 4. e3 {[%clk 00:07:00]} 4... Qc7 {
[%clk 00:07:01]} 5. Ne2 {[%clk 00:07:02]} 5... Be7 {
[%clk 00:07:03]  [%emt 00:00:04]} 6. Nbc3 {[%clk 00:07:04]} 6... a6 {
[%clk 00:07:06]} 7. d4 {[%clk 00:07:05]} 7... cxd4 {[%clk 00:07:07]} 8. Qxd4 {
[%clk 00:07:03]  [%emt 00:00:05]} 8... d6 {[%clk 00:07:06]  [%emt 00:00:05]} 9.
b3 {[%clk 00:06:57]  [%emt 00:00:06]} 9... O-O {
[%clk 00:07:08]  [%emt 00:00:06]} 10. Bb2 {[%clk 00:06:57]} 10... Nc6 {
[%clk 00:07:10]  [%emt 00:00:05]} 11. Qd2 {[%clk 00:06:59]} 11... b6 {
[%clk 00:07:12]} 12. O-O {[%clk 00:06:50]  [%emt 00:00:08]} 12... Bb7 {
[%clk 00:07:14]} 13. Nf4 {[%clk 00:06:48]  [%emt 00:00:10]} 13... Rac8 {
[%clk 00:07:14]  [%emt 00:00:09]} 14. Rac1 {[%clk 00:06:33]  [%emt 00:00:09]}
14... Ne5 {[%clk 00:07:16]} 15. e4 {[%clk 00:05:42]  [%emt 00:00:59]} 15...
Rfd8 {[%clk 00:07:17]} 16. Nd3 {[%clk 00:05:19]  [%emt 00:00:24]} 16... Ned7 {
[%clk 00:07:07]  [%emt 00:00:12]} 17. f4 {[%clk 00:04:51]  [%emt 00:00:36]}
17... Qb8 {[%clk 00:06:57]  [%emt 00:00:10]} 18. h3 {
[%clk 00:04:39]  [%emt 00:00:14]} 18... b5 {[%clk 00:06:58]  [%emt 00:00:06]}
19. cxb5 {[%clk 00:03:35]  [%emt 00:01:02]} 19... axb5 {
[%clk 00:07:00]  [%emt 00:00:05]} 20. Rfe1 {[%clk 00:02:38]  [%emt 00:00:58]}
20... Ba8 {[%clk 00:06:28]  [%emt 00:00:34]} 21. Kh2 {
[%clk 00:02:34]  [%emt 00:00:07]} 21... Qb6 {[%clk 00:05:21]  [%emt 00:01:09]}
22. Qf2 {[%clk 00:02:00]  [%emt 00:00:40]} 22... Qa5 {
[%clk 00:04:59]  [%emt 00:00:22]} 23. b4 {[%clk 00:01:53]  [%emt 00:00:10]}
23... Qa6 {[%clk 00:04:57]  [%emt 00:00:06]} 24. a4 {
[%clk 00:01:23]  [%emt 00:00:35]} 24... bxa4 {[%clk 00:04:53]  [%emt 00:00:07]}
25. b5 {[%clk 00:01:26]} 25... Qa5 {[%clk 00:04:51]  [%emt 00:00:06]} 26. Ra1 {
[%clk 00:01:09]  [%emt 00:00:17]} 26... Rxc3 {[%clk 00:04:47]  [%emt 00:00:07]}
27. Qd2 {[%clk 00:01:11]} 27... Qxb5 {[%clk 00:04:41]  [%emt 00:00:12]} 28.
Bxc3 {[%clk 00:01:06]  [%emt 00:00:05]} 28... Nb6 {
[%clk 00:04:39]  [%emt 00:00:05]} 29. Reb1 {[%clk 00:01:08]} 29... Qc6 {
[%clk 00:04:40]  [%emt 00:00:05]} 30. Ba5 {[%clk 00:00:56]  [%emt 00:00:13]}
30... Nc4 {[%clk 00:04:33]  [%emt 00:00:10]} 31. Qe2 {
[%clk 00:00:58]  [%emt 00:00:06]} 31... Nxa5 {[%clk 00:04:34]} 32. Rc1 {
[%clk 00:00:59]  [%emt 00:00:05]} 32... Qe8 {[%clk 00:04:33]} 33. Qd2 {
[%clk 00:00:53]  [%emt 00:00:10]} 33... Nb3 {[%emt 00:00:06]} 0-1